Name That Pattern! - Statistics

General Stats
  • This quiz has been taken 51 times
  • The average score is 6 of 16
Answer Stats
Picture Answer % Correct
Polka Dot
83%
Tie Dye
65%
Buffalo Plaid
60%
Paisley
56%
Royal Stewart Tartan Plaid
52%
Argyle Plaid
50%
Black Watch Tartan Plaid
50%
Pin Stripe
46%
Ditsy Floral Pattern
44%
Gingham Plaid
38%
Chevron
35%
Geometric
23%
Madras Plaid
6%
Tattersall Plaid
4%
Glen Plaid
2%
Regimental Stripe
2%
No matching quizzes found
Score Distribution
Percent of People with Each Score
Percentile by Number Answered
Your Score History
You have not taken this quiz